Complete the Song Title #4 - Statistics

General Stats
  • This quiz has been taken 45 times
  • The average score is 9 of 15
Answer Stats
Artist/Band Song % Correct
Queen We Will Rock {You}
100%
Tears For Fears Everybody Wants To Rule The {World}
89%
Tears For Fears Mad {World}
89%
Queen Bohemian {Rhapsody}
86%
Twenty One Pilots Stressed {Out}
86%
Nirvana Smells Like Teen {Spirit}
80%
Tears For Fears Head Over {Heels}
75%
Daft Punk One More {Time}
75%
Linkin Park BURN IT {DOWN}
57%
Linkin Park In the {End}
48%
Nirvana Something In The {Way}
43%
The Neighbourhood You Get Me So {High}
32%
The Neighbourhood Daddy {Issues}
30%
Daft Punk Something About {Us}
25%
Twenty One Pilots House of {Gold}
9%
No matching quizzes found
Score Distribution
Percent of People with Each Score
Percentile by Number Answered
Your Score History
You have not taken this quiz